[Event "SVK-ch sf 32nd corr"]
[Site "Slovakia"]
[Date "2004.??.??"]
[Round "?"]
[White "Antal, Jozef"]
[Black "Magula, Rene"]
[Result "1-0"]
[WhiteElo "2239"]
[BlackElo "2116"]
[PlyCount "107"]
[EventDate "2004.12.03"]
[EventType "tourn (corr)"]
[EventRounds "12"]
[EventCountry "SVK"]
[SourceTitle "Corr 2008"]
[Source "ChessBase"]
[SourceDate "2008.06.24"]
[SourceVersion "1"]
[SourceVersionDate "2008.06.24"]
[SourceQuality "1"]

1. c4 e5 2. Nc3 Nc6 3. g3 Bc5 4. Bg2 Nf6 5. d3 0-0 6. Nf3 Re8 7. 0-0 a6 8. e4 h6 9. a3 d6 10. b4 Ba7 11. h3 Nd4 12. Rb1 Ne6 13. Bd2 c6 14. a4 b6 15. Qc2 c5 16. b5 Bb8 17. Ne2 Re7 18. Nh4 Rea7 19. f4 axb5 20. axb5 Nd4 21. Nxd4 cxd4 22. Nf3 Nd7 23. Rb2 Nc5 24. Bb4 Bc7 25. fxe5 dxe5 26. Bxc5 bxc5 27. Nh4 Be6 28. Kh2 Bb6 29. Qd1 Ra3 30. Rbf2 R8a7 31. Nf3 f6 32. Rb2 Ba5 33. Rbf2 Bb6 34. Nh4 Kh7 35. Qe2 Qc8 36. Qh5 Bf7 37. Qe2 Qd7 38. Rb1 Kg8 39. Qd1 Kh7 40. Rb3 R3a5 41. Rc2 Ra1 42. Qe2 Qc8 43. Rbb2 R1a5 44. Ra2 Qd7 45. Rxa5 Rxa5 46. Qf1 Be6 47. Bf3 Qe8 48. Rf2 Ra3 49. Nf5 Ra8 50. Bg4 Bc7 51. Qc1 Qf7 52. h4 h5 53. Bh3 Ra7 54. g4 1-0

[Event "SVK-ch sf 32nd corr"]
[Site "Slovakia"]
[Date "2004.??.??"]
[Round "?"]
[White "Magula, Rene"]
[Black "Antal, Jozef"]
[Result "0-1"]
[WhiteElo "2116"]
[BlackElo "2223"]
[PlyCount "62"]
[EventDate "2004.12.03"]
[EventType "tourn (corr)"]
[EventRounds "12"]
[EventCountry "SVK"]
[SourceTitle "Corr 2008"]
[Source "ChessBase"]
[SourceDate "2008.06.24"]
[SourceVersion "1"]
[SourceVersionDate "2008.06.24"]
[SourceQuality "1"]

1. d4 Nf6 2. c4 e6 3. e3 d5 4. Nf3 Be7 5. Nc3 0-0 6. a3 b6 7. cxd5 exd5 8. Be2 c5 9. 0-0 Nc6 10. b4 cxb4 11. axb4 Nxb4 12. Ne5 a5 13. Ba3 Bf5 14. Qb3 Rc8 15. Rfc1 Nc2 16. Bxe7 Qxe7 17. Ra4 Nb4 18. Raa1 Ne4 19. Qb2 Nxc3 20. Rxc3 Rxc3 21. Qxc3 Rc8 22. Qb3 Qc7 23. Qd1 Qc2 24. g4 Qxd1+ 25. Bxd1 Bc2 26. Rc1 a4 27. Nd7 b5 28. Nb6 Rc6 29. Nxd5 Nxd5 30. Bf3 b4 31. Bxd5 Rc3 0-1

[Event "SVK-ch sf 32nd corr"]
[Site "Slovakia"]
[Date "2004.??.??"]
[Round "?"]
[White "Magula, Rene"]
[Black "Ressler, Vladimir"]
[Result "0-1"]
[WhiteElo "2116"]
[BlackElo "2301"]
[PlyCount "96"]
[EventDate "2004.12.03"]
[EventType "tourn (corr)"]
[EventRounds "12"]
[EventCountry "SVK"]
[SourceTitle "Corr 2008"]
[Source "ChessBase"]
[SourceDate "2008.06.24"]
[SourceVersion "1"]
[SourceVersionDate "2008.06.24"]
[SourceQuality "1"]

1. e4 Nf6 2. e5 Nd5 3. c4 Nb6 4. d4 d6 5. Nf3 Bg4 6. h3 Bh5 7. e6 fxe6 8. g4 Bg6 9. Bd3 Bxd3 10. Qxd3 Nc6 11. Ng5 Qd7 12. Na3 g6 13. Be3 e5 14. d5 Nd8 15. Nb5 c6 16. Nxa7 Qc7 17. Qb3 Nd7 18. Qa4 Qb8 19. dxc6 bxc6 20. Qb3 h6 21. Qxb8 Rxb8 22. Nf3 Rxb2 23. a4 Bg7 24. a5 e4 25. Nd2 Bc3 26. Ke2 Ne5 27. Rhb1 Rxb1 28. Rxb1 Bxa5 29. Bd4 Bxd2 30. Bxe5 dxe5 31. Kxd2 Rf8 32. Ke3 Rf3+ 33. Kxe4 Ra3 34. Nc8 Kd7 35. Nb6+ Ke6 36. f4 exf4 37. Kxf4 g5+ 38. Ke4 Rxh3 39. Kd4 Rg3 40. Re1+ Kf7 41. Kc5 Rxg4 42. Nd7 Rf4 43. Ne5+ Kf6 44. Nd7+ Kf5 45. Re5+ Kg4 46. Rxe7 h5 47. Kb6 h4 48. Kc7 Nf7 0-1

[Event "SVK-ch sf 33rd corr"]
[Site "Slovakia"]
[Date "2004.??.??"]
[Round "?"]
[White "Magula, Rene"]
[Black "Szegi, Viktor"]
[Result "1-0"]
[WhiteElo "2112"]
[BlackElo "1958"]
[PlyCount "83"]
[EventDate "2003.??.??"]
[EventType "tourn (corr)"]
[EventRounds "12"]
[EventCountry "SVK"]
[SourceTitle "Corr 2006"]
[Source "ChessBase"]
[SourceDate "2006.04.01"]
[SourceVersion "3"]
[SourceVersionDate "2006.04.01"]
[SourceQuality "1"]

1. e4 c5 2. Nf3 e6 3. d4 cxd4 4. Nxd4 Nf6 5. Bd3 Nc6 6. Be3 d5 7. exd5 Nxd5 8. Nxc6 bxc6 9. Bd2 Qb6 10. Bc1 Bb7 11. 0-0 Bd6 12. Nd2 Qc7 13. h3 0-0-0 14. Ne4 Nb4 15. Nxd6+ Rxd6 16. Qg4 Nxd3 17. cxd3 f5 18. Qe2 Qd7 19. Bf4 Rd5 20. d4 h6 21. Be5 Rf8 22. Rfc1 f4 23. Rc3 Qf7 24. Rac1 Kd7 25. Qc2 Ke8 26. Qa4 Qd7 27. Qxa7 Rb5 28. Bxg7 Rg8 29. Bxh6 Kf7 30. Qa4 Qd5 31. f3 Qh5 32. Bxf4 Qxh3 33. R3c2 Rh5 34. Qa7 Qh1+ 35. Kf2 Qh4+ 36. g3 Qe7 37. Qb6 Rd8 38. Rc5 Rh2+ 39. Kg1 Rdh8 40. g4 R2h3 41. Kg2 Ke8 42. Rxc6 1-0

[Event "SVK-ch sf 33rd corr"]
[Site "Slovakia"]
[Date "2004.??.??"]
[Round "?"]
[White "Simoncic, Ladislav"]
[Black "Magula, Rene"]
[Result "1/2-1/2"]
[WhiteElo "2053"]
[BlackElo "2112"]
[PlyCount "111"]
[EventDate "2003.??.??"]
[EventType "tourn (corr)"]
[EventRounds "12"]
[EventCountry "SVK"]
[SourceTitle "Corr 2006"]
[Source "ChessBase"]
[SourceDate "2006.04.01"]
[SourceVersion "3"]
[SourceVersionDate "2006.04.01"]
[SourceQuality "1"]

1. d4 Nf6 2. Nf3 g6 3. c4 Bg7 4. g3 0-0 5. Bg2 c5 6. d5 d6 7. 0-0 Na6 8. Nc3 Nc7 9. a4 Rb8 10. e4 b6 11. Re1 a6 12. Bf1 e5 13. Nh4 Nfe8 14. Bd3 Bd7 15. Qe2 Bf6 16. Ng2 Ng7 17. Rb1 Qe8 18. b4 Be7 19. Be3 a5 20. bxa5 bxa5 21. Nb5 Na6 22. f4 f6 23. Rf1 Nb4 24. Rf2 Qc8 25. Rbf1 exf4 26. Bxf4 Bg4 27. Qd2 Qd7 28. Be2 Bh3 29. Qb2 Rbe8 30. Re1 g5 31. Bd2 Bd8 32. Bf1 f5 33. Bc3 Rxe4 34. Rxe4 fxe4 35. Rxf8+ Kxf8 36. Ne3 Bxf1 37. Bxg7+ Qxg7 38. Qxg7+ Kxg7 39. Kxf1 Be7 40. Nf5+ Kf6 41. Nbxd6 Bxd6 42. Nxd6 Ke5 43. Nb7 Nd3 44. Ke2 Nb2 45. d6 Ke6 46. Nxc5+ Kxd6 47. Nxe4+ Ke5 48. Nd2 g4 49. Ke3 h5 50. Ke2 Kd4 51. Nb3+ Kxc4 52. Nxa5+ Kd5 53. Ke3 Ke6 54. Kf4 Kf6 55. Nb3 Nxa4 56. Nd2 1/2-1/2

[Event "SVK Cup13 corr"]
[Site "Slovakia"]
[Date "2003.??.??"]
[Round "?"]
[White "Magula, Rene"]
[Black "Cacko, Jozef"]
[Result "0-1"]
[WhiteElo "2071"]
[BlackElo "2228"]
[PlyCount "44"]
[EventDate "2003.10.01"]
[EventType "tourn (corr)"]
[EventRounds "13"]
[EventCountry "SVK"]
[SourceTitle "Corr 2008"]
[Source "ChessBase"]
[SourceDate "2008.06.24"]
[SourceVersion "1"]
[SourceVersionDate "2008.06.24"]
[SourceQuality "1"]

1. e4 c5 2. Nf3 d6 3. Nc3 Nf6 4. d4 cxd4 5. Nxd4 a6 6. Bc4 e6 7. 0-0 b5 8. Bd3 Bb7 9. a3 Nbd7 10. Re1 Be7 11. a4 b4 12. Na2 Qb6 13. Be3 Nc5 14. Nb3 0-0 15. a5 Qc7 16. Qe2 Rfc8 17. Nxb4 Nfxe4 18. Nxc5 Nxc5 19. c3 Nxd3 20. Nxd3 Qc4 21. Bd4 e5 22. Bb6 Qe6 0-1

[Event "SVK-ch sf 32nd corr"]
[Site "Slovakia"]
[Date "2003.??.??"]
[Round "?"]
[White "Voros, Jan"]
[Black "Magula, Rene"]
[Result "0-1"]
[WhiteElo "2070"]
[BlackElo "2112"]
[PlyCount "38"]
[EventDate "2003.??.??"]
[EventType "tourn (corr)"]
[EventRounds "12"]
[EventCountry "SVK"]
[SourceTitle "Corr 2004"]
[Source "ChessBase"]
[SourceDate "2003.04.28"]
[SourceVersion "3"]
[SourceVersionDate "2003.04.28"]
[SourceQuality "1"]

1. Nf3 d5 2. g3 Nf6 3. Bg2 Bf5 4. d4 e6 5. 0-0 c5 6. c4 dxc4 7. Nc3 Nc6 8. Ne5 Rc8 9. e4 cxd4 10. Nxc6 bxc6 11. exf5 dxc3 12. Qa4 Nd5 13. fxe6 fxe6 14. Qxc4 Qf6 15. bxc3 Bd6 16. Bd2 0-0 17. Rab1 Be5 18. Rb3 Rf7 19. Bh3 Re7 0-1

[Event "SVK-Cup13 G3 corr"]
[Site "Slovakia"]
[Date "2002.12.23"]
[Round "13"]
[White "Magula, Rene"]
[Black "Zacik, Anton"]
[Result "0-1"]
[WhiteElo "2112"]
[BlackElo "2053"]
[PlyCount "88"]
[EventDate "2002.02.01"]
[EventType "tourn (corr)"]
[EventRounds "12"]
[EventCountry "SVK"]
[SourceTitle "Corr 2006"]
[Source "ChessBase"]
[SourceDate "2006.04.01"]
[SourceVersion "3"]
[SourceVersionDate "2006.04.01"]
[SourceQuality "1"]

1. e4 c5 2. Nf3 Nc6 3. d4 cxd4 4. Nxd4 Nf6 5. Nc3 e5 6. Ndb5 d6 7. Bg5 a6 8. Bxf6 gxf6 9. Na3 b5 10. Nd5 Bg7 11. c3 f5 12. exf5 Bxf5 13. Qf3 Be6 14. Nf4 Nd4 15. cxd4 exf4 16. Nc2 Rc8 17. Bd3 Qa5+ 18. Kd1 b4 19. Qxf4 0-0 20. Qxd6 Qh5+ 21. f3 b3 22. axb3 Bxb3 23. Qb6 Bxc2+ 24. Bxc2 Qg5 25. g3 Bh6 26. f4 Qd5 27. Re1 Qf3+ 28. Kd2 Qf2+ 29. Re2 Rxc2+ 30. Kxc2 Qxe2+ 31. Kb1 Qd3+ 32. Ka2 Bg7 33. Qb3 Qxd4 34. Rd1 Qf2 35. h3 a5 36. Rd3 a4 37. Qb4 Qe2 38. Qd2 Qe6+ 39. Kb1 Qxh3 40. Qd1 Qg2 41. Rd2 Qxg3 42. Qxa4 Rb8 43. Qe4 Qg6 44. Qxg6 fxg6 0-1

[Event "SVK-Cup13 G2 corr"]
[Site "Slovakia"]
[Date "2002.12.19"]
[Round "?"]
[White "Mokosak, Dusan"]
[Black "Magula, Rene"]
[Result "0-1"]
[WhiteElo "1979"]
[BlackElo "2112"]
[PlyCount "50"]
[EventDate "2002.??.??"]
[EventType "tourn (corr)"]
[EventRounds "12"]
[EventCountry "SVK"]
[SourceTitle "Corr 2004"]
[Source "ChessBase"]
[SourceDate "2003.04.28"]
[SourceVersion "3"]
[SourceVersionDate "2003.04.28"]
[SourceQuality "1"]

1. c4 e5 2. Nc3 Bb4 3. Qb3 Nc6 4. Nd5 Bf8 5. e3 Nf6 6. Nh3 Bc5 7. f4 d6 8. fxe5 dxe5 9. g3 Nxd5 10. cxd5 Nb4 11. Bb5+ c6 12. dxc6 bxc6 13. 0-0 0-0 14. Nf2 cxb5 15. a3 Qd5 16. Qxd5 Nxd5 17. Nd3 Bd6 18. b4 e4 19. Bb2 exd3 20. e4 Nb6 21. Rf3 Nc4 22. Bc3 Rd8 23. a4 bxa4 24. Rxa4 Be5 25. Bxe5 Nxe5 0-1

[Event "SVK-ch qf 32nd corr"]
[Site "Slovakia"]
[Date "2002.??.??"]
[Round "?"]
[White "Mokosak, Dusan"]
[Black "Magula, Rene"]
[Result "0-1"]
[WhiteElo "1979"]
[BlackElo "2112"]
[PlyCount "46"]
[EventDate "2002.12.15"]
[EventType "tourn (corr)"]
[EventRounds "10"]
[EventCountry "SVK"]
[SourceTitle "Corr 2008"]
[Source "ChessBase"]
[SourceDate "2008.06.24"]
[SourceVersion "1"]
[SourceVersionDate "2008.06.24"]
[SourceQuality "1"]

1. e4 e5 2. Nf3 Nc6 3. Bc4 Bc5 4. 0-0 Nf6 5. d3 h6 6. c3 Bb6 7. a3 d6 8. Be3 Bxe3 9. fxe3 0-0 10. Nbd2 Re8 11. Rf2 Ne7 12. h3 c6 13. Qb3 Rf8 14. a4 d5 15. exd5 cxd5 16. Nxe5 dxc4 17. Ndxc4 Qc7 18. Raf1 Be6 19. Qd1 Rad8 20. b3 Ne4 21. Rc2 a6 22. d4 f6 23. Rf4 Nxc3 0-1

[Event "SVK-ch16 sf26 corr"]
[Site "Slovakia"]
[Date "2000.03.30"]
[Round "8"]
[White "Magula, Rene"]
[Black "Kuchyna, Stanislav"]
[Result "1/2-1/2"]
[WhiteElo "1823"]
[BlackElo "2091"]
[PlyCount "58"]
[EventDate "2000.03.20"]
[EventType "tourn (corr)"]
[EventRounds "12"]
[EventCountry "SVK"]
[SourceTitle "Corr 2002"]
[Source "ChessBase"]
[SourceDate "2002.05.23"]
[SourceVersion "1"]
[SourceVersionDate "2002.05.23"]
[SourceQuality "1"]

1. e4 e6 2. d4 d5 3. Nd2 Nf6 4. e5 Nfd7 5. c3 c5 6. Ngf3 Nc6 7. Bb5 Qb6 8. Qa4 Be7 9. 0-0 0-0 10. Nb3 c4 11. Bxc6 Qxc6 12. Qxc6 bxc6 13. Na5 c5 14. Nc6 Re8 15. Nxe7+ Rxe7 16. b3 cxd4 17. Ba3 Re8 18. cxd4 Ba6 19. Rfc1 Rec8 20. Bd6 f6 21. bxc4 Rxc4 22. Rxc4 Bxc4 23. h4 Be2 24. Rc1 Bxf3 25. gxf3 Kf7 26. Rc7 Ke8 27. f4 f5 28. h5 a5 29. a4 Kd8 1/2-1/2

[Event "SVK-ch16 sf26 corr"]
[Site "Slovakia"]
[Date "2000.03.26"]
[Round "7"]
[White "Vojar, Lubomir"]
[Black "Magula, Rene"]
[Result "1/2-1/2"]
[WhiteElo "1987"]
[BlackElo "1823"]
[PlyCount "84"]
[EventDate "2000.03.20"]
[EventType "tourn (corr)"]
[EventRounds "12"]
[EventCountry "SVK"]
[SourceTitle "Corr 2002"]
[Source "ChessBase"]
[SourceDate "2002.05.23"]
[SourceVersion "1"]
[SourceVersionDate "2002.05.23"]
[SourceQuality "1"]

1. c4 e5 2. Nc3 Nf6 3. d3 d5 4. cxd5 Nxd5 5. Bd2 Nc6 6. g3 Be6 7. Bg2 Be7 8. Rc1 0-0 9. Nf3 f6 10. 0-0 Nxc3 11. Bxc3 Bb4 12. a3 Bxc3 13. Rxc3 Ne7 14. b4 Qd7 15. Re1 a5 16. b5 Qxb5 17. Rxc7 Nd5 18. Rc1 Rfc8 19. Qd2 Rxc1 20. Rxc1 Rd8 21. Qe1 Qa4 22. Nd2 Qxa3 23. Nc4 Qb4 24. Nxa5 Qxe1+ 25. Rxe1 b6 26. Nc6 Rd6 27. Rc1 Kf7 28. Kf1 Bd7 29. Nb8 Ba4 30. Ke1 Ne7 31. h4 f5 32. Rc7 Kf6 33. Rb7 Bb5 34. e4 fxe4 35. dxe4 Kf7 36. Bf1 Ba4 37. Bc4+ Ke8 38. Ke2 Rd4 39. Bd3 Rb4 40. f3 Rb2+ 41. Ke3 Rb3 42. Ke2 Rb2+ 1/2-1/2

[Event "SVK-Cup12 sf2 corr"]
[Site "Slovakia"]
[Date "2000.??.??"]
[Round "14"]
[White "Klochan, Peter"]
[Black "Magula, Rene"]
[Result "1/2-1/2"]
[WhiteElo "2144"]
[BlackElo "1983"]
[PlyCount "40"]
[EventDate "2000.07.01"]
[EventType "tourn (corr)"]
[EventRounds "12"]
[EventCountry "SVK"]
[SourceTitle "Corr 2002"]
[Source "ChessBase"]
[SourceDate "2002.05.23"]
[SourceVersion "1"]
[SourceVersionDate "2002.05.23"]
[SourceQuality "1"]

1. e4 c5 2. f4 e6 3. Nf3 d5 4. Bb5+ Bd7 5. Bxd7+ Nxd7 6. d3 Bd6 7. 0-0 Ne7 8. c4 0-0 9. Nc3 Nb6 10. b3 f6 11. cxd5 exd5 12. e5 fxe5 13. fxe5 Bc7 14. Ba3 Nd7 15. d4 cxd4 16. Bxe7 Qxe7 17. Nxd5 Qc5 18. Nxc7 d3+ 19. Kh1 Qxc7 20. Rc1 Qa5 1/2-1/2

[Event "SVK-Cup12 sf2 corr"]
[Site "Slovakia"]
[Date "2000.??.??"]
[Round "11"]
[White "Magula, Rene"]
[Black "Kankula, Robert"]
[Result "1/2-1/2"]
[WhiteElo "1983"]
[BlackElo "1866"]
[PlyCount "34"]
[EventDate "2000.07.01"]
[EventType "tourn (corr)"]
[EventRounds "12"]
[EventCountry "SVK"]
[SourceTitle "Corr 2002"]
[Source "ChessBase"]
[SourceDate "2002.05.23"]
[SourceVersion "1"]
[SourceVersionDate "2002.05.23"]
[SourceQuality "1"]

1. e4 c5 2. Nc3 Nc6 3. Nf3 d6 4. d4 cxd4 5. Nxd4 e6 6. Bb5 Bd7 7. 0-0 Nf6 8. Be3 Be7 9. f4 Qc7 10. Be2 a6 11. a3 0-0 12. Qd3 Rac8 13. Rad1 Na5 14. f5 Nc4 15. Qxc4 Qxc4 16. Bxc4 Rxc4 17. Bg5 Rd8 1/2-1/2